Estudios y notas informativas

Detalles Bibliográficos
Formato: eBook
Lenguaje:español
Publicado: Mx̌ico D.F.: Cm̀ara de Diputados, 2013 -
Materias:
Acceso en línea:Acceso restringido

MARC

LEADER 00000nam a22000007a 4500
005 20180327122228.0
007 cr|||| ||||
008 180327c99992013mx zn|| s||||f0|||b1spa d
035 |a 20990 
040 |a vLex 
090 |c 7563  |d 7563 
245 0 0 |a Estudios y notas informativas  |h [Recurso electrn̤ico] 
256 |a Servicio en ln̕ea 
260 |a Mx̌ico D.F.:  |b Cm̀ara de Diputados,  |c 2013 - 
300 |a 1 recurso electrn̤ico 
310 |a Mensual 
362 |a Nm︢. 1 (2013) - 
506 |a Disponible solo en los productos indicados  |d vLex Global  |d vLex Global (Academic Edition, excluding Law Schools)  |d vLex Global (U.S. Academic Edition, Law Schools)  |d vLex Global (U.S. Academic Edition, excluding Law Schools)  |d vLex Global (Academic Edition, Law Schools) 
650 0 4 |a Derecho pb︢lico y administrativo  |z Mx̌ico 
650 0 4 |a Finanzas  |z Mx̌ico 
740 0 |a vLex Revistas (Servicio en ln̕ea) 
856 4 0 |u http://vlex.com/source/estudios-notas-informativas-20990  |z Acceso restringido 
942 |c REV 
999 0 |a Public law 
999 0 |a Finance